Datum a čas kvízu
31.5
Celkem bodů
Celkový počet nahraných bodů na tomto kvízu bez doplňovacích otázek.
4.
Pořadí na kvízu
Konečné umístění týmu na tomto kvízu.
Zaznamenané odpovědi
| # | Otázka | Odpověď | Body | Výsledky |
|---|---|---|---|---|
| 1. | Matematik a podnikatel Karel J... | Tohle jsme my | 0 | |
| 2. | Která zhruba pětimilionová evr... | Irsko | 1 | |
| 3. | Ve čtvrtek mělo v českých kine... | Spencer | 0 | |
| 4. | Ocenění nejlepšího lyžařského... | ve Švýcarsku | 1 | |
| 5. | Biatlonistka Markéta Davidová... | B) ve vytrvalostním závodě | 1 | |
| 6. | V 17. a 18. století dominovala... | merkantilismus | 0 | |
| 7. | Za zakladatele klasické ekonom... | Adam Smith | 1 | |
| 8. | Ve kterém roce došlo ke krachu... | V roce 1929. (Uznáváme 1927–1931.) | 1 | |
| 9. | Po rozpadu zlatého standardu,... | na americký dolar | 1 | |
| 10. | Na závěr se podíváme do eurozó... | B | 0 |